[Event "Polish Extraleague"]
[Site "Lubniewice"]
[Date "2003.09.03"]
[Round "5"]
[White "Zielinska, Marta"]
[Black "Nurkiewicz, Maciej"]
[Result "0-1"]
[WhiteElo "2429"]
[BlackElo "2363"]
[PlyCount "126"]
[EventDate "2003.08.30"]
[Source "Roberto Alvarez"]
[SourceDate "2003.09.15"]

1. d4 d5 2. Nf3 Nf6 3. e3 e6 4. Bd3 c5 5. b3 Be7 6. O-O O-O 7. Nbd2 b6 8. Bb2 Bb7 9. Qe2 Nbd7 10. Rfd1 Rc8 11. Rac1 Qc7 12. c4 Qb8 13. Bb1 Rfd8 14. Ne5 Bd6 15. f4 cxd4 16. exd4 Nf8 17. Rf1 Bb4 18. f5 Bxd2 19. Qxd2 dxc4 20. Qg5 c3 21. Rxc3 Rxc3 22. Bxc3 Qc7 23. Bb2 Be4 24. Rc1 Qd6 25. Nc4 Qd7 26. d5 h6 27. Qg3 Nh5 28. Qh4 Bxb1 29. Rxb1 exd5 30. Rd1 Qc8 31. Ne3 d4 32. Bxd4 Nf6 33. Bxf6 Rxd1+ 34. Nxd1 gxf6 35. Qxf6 Qc5+ 36. Kf1 Nh7 37. Qd8+ Kg7 38. Qd3 Nf6 39. Ne3 Qe5 40. g3 Qa1+ 41. Kg2 Qxa2+ 42. Kh3 Qb2 43. Nc4 Qa1 44. Qe2 Qd4 45. Kg2 b5 46. Ne3 a5 47. h4 a4 48. bxa4 bxa4 49. g4 a3 50. g5 hxg5 51. hxg5 Ne4 52. Nc2 Qe5 53. Nxa3 Qg3+ 54. Kf1 Qh3+ 55. Kg1 Qg3+ 56. Kf1 Qf4+ 57. Kg1 Nxg5 58. Nc4 Qg3+ 59. Kf1 Qh3+ 60. Kg1 Kh6 61. Ne5 Qg3+ 62. Kf1 Qf4+ 63. Ke1 Qxe5 0-1

[Event "JUG Team Ch"]
[Site "Cetinje"]
[Date "1992.??.??"]
[Round "?"]
[White "Ristic, Nebojsa"]
[Black "Miranovic, Rajko"]
[Result "1-0"]
[WhiteElo "2410"]
[BlackElo "2380"]
[PlyCount "121"]
[EventDate "1992.??.??"]
[Source "www.chesslib.no"]
[SourceDate "2004.05.04"]

1. d4 d5 2. Nf3 Nf6 3. e3 e6 4. Bd3 c5 5. b3 Nc6 6. Bb2 b6 7. Ne5 Nxe5 8. dxe5 Nd7 9. f4 Qc7 10. O-O Bb7 11. Na3 a6 12. c4 dxc4 13. Nxc4 b5 14. Nd2 Rd8 15. Qe2 Nb6 16. Rad1 Be7 17. Bb1 O-O 18. f5 exf5 19. Rxf5 g6 20. Rf4 Bg5 21. Rg4 Bh6 22. Rf1 Nd5 23. Ne4 Bxe3+ 24. Kh1 Bd4 25. Bxd4 cxd4 26. Nf6+ Nxf6 27. exf6 Rfe8 28. Qd2 Qe5 29. Be4 Bxe4 30. Qh6 Qxf6 31. Rxf6 Bf5 32. h3 Bxg4 33. hxg4 d3 34. Qd2 Re2 35. Qa5 Rd7 36. Rf1 d2 37. Rd1 h6 38. Kg1 Rd6 39. Kf1 Rde6 40. Rxd2 Rxd2 41. Qxd2 g5 42. Qd8+ Kg7 43. Kf2 Re4 44. g3 Re6 45. Kf3 Re1 46. Qa8 Re6 47. Qc8 Rf6+ 48. Ke4 Re6+ 49. Kd5 Rg6 50. Qc3+ Kg8 51. Kc5 Re6 52. Kb4 Kh7 53. Ka5 Rg6 54. b4 Re6 55. Qc2+ Kg7 56. a4 bxa4 57. Qxa4 Rd6 58. Qe8 Rg6 59. Qd7 Kg8 60. Qe7 Kg7 61. Qe8 1-0

[Event "RUS-Cup03 (Geller mem)"]
[Site "Moscow"]
[Date "1999.02.08"]
[Round "7"]
[White "Loginov, Anton"]
[Black "Akhmadeev, Vadim"]
[Result "0-1"]
[WhiteElo "2320"]
[BlackElo "2467"]
[PlyCount "139"]
[EventDate "1999.02.10"]
[Source "ChessBase"]
[SourceDate "1999.06.08"]

1. d4 d5 2. Nf3 Nf6 3. e3 e6 4. Bd3 Be7 5. Nbd2 O-O 6. b3 c5 7. Bb2 Nc6 8. O-O cxd4 9. exd4 b6 10. a3 Bb7 11. Qe2 Rc8 12. Ne5 Nxe5 13. dxe5 Nd7 14. b4 a5 15. Qg4 axb4 16. axb4 Ra8 17. Rxa8 Bxa8 18. Nf3 Re8 19. h4 Bc6 20. Re1 Nf8 21. h5 Qd7 22. h6 g6 23. Nd4 Ra8 24. c3 Qc7 25. f4 Ra2 26. Qe2 Be8 27. Bb1 Ra8 28. g4 Qc8 29. g5 Bc6 30. Bd3 Nd7 31. Bb1 Nb8 32. Bd3 Be8 33. Rc1 Qd8 34. Qd2 Nc6 35. Nf3 Bd7 36. Rd1 Bc8 37. Qf2 Bb7 38. Nd4 Nxd4 39. Qxd4 Ba6 40. Qe3 Bxd3 41. Qxd3 Ra2 42. Rd2 Qe8 43. Bc1 Ra1 44. Rd1 Qc6 45. Rf1 b5 46. Be3 Ra3 47. Bd4 Kf8 48. Qe2 Ke8 49. Rb1 Kd7 50. Rb2 Qa6 51. Kg2 Kc6 52. Qc2 Qa8 53. Qe2 Qa4 54. Qc2 Qa8 55. Qe2 Bd8 56. Qc2 Bc7 57. Qe2 Qa6 58. Qf2 Qa4 59. Qc2 Bd8 60. Qe2 Ra1 61. Qc2 Ra3 62. Qe2 Bc7 63. Qc2 Kb7 64. Qe2 Qa8 65. Rd2 Qa4 66. Rb2 Kc6 67. Rd2 Bb8 68. Qf2 Qa6 69. Rb2 Kb7 70. Rd2 0-1

[Event "Montpellier-A"]
[Site "Montpellier FRA"]
[Date "1989.??.??"]
[Round "?"]
[White "Klaric, Zlatko"]
[Black "Levacic, Damir"]
[Result "1/2-1/2"]
[WhiteElo "2445"]
[BlackElo "2340"]
[PlyCount "24"]
[EventDate "1989.07.??"]
[Source "www.chesslib.no"]
[SourceDate "2004.05.04"]

1. d4 d5 2. Nf3 Nf6 3. e3 e6 4. Bd3 c5 5. c3 Nc6 6. Nbd2 Bd6 7. O-O O-O 8. dxc5 Bxc5 9. e4 dxe4 10. Nxe4 Be7 11. Nxf6+ Bxf6 12. Be4 Qc7 1/2-1/2

[Event "Duesseldorf"]
[Site "Duesseldorf GER"]
[Date "1995.??.??"]
[Round "8"]
[White "Borngaesser, Rene"]
[Black "Donchenko, Anatoly G"]
[Result "0-1"]
[WhiteElo "2365"]
[BlackElo "2420"]
[PlyCount "196"]
[EventDate "1995.??.??"]
[Source "www.chesslib.no"]
[SourceDate "2004.05.04"]

1. d4 d5 2. Nf3 Nf6 3. e3 e6 4. Bd3 Nbd7 5. b3 b6 6. Nbd2 Bb7 7. Bb2 Be7 8. Ne5 Nxe5 9. dxe5 Nd7 10. Qg4 g6 11. O-O Nc5 12. Bb5+ Kf8 13. Rad1 h5 14. Qh3 Qc8 15. Be2 Ba6 16. c4 dxc4 17. Nxc4 Rg8 18. Bf3 Bb7 19. Rd4 Bxf3 20. Qxf3 Qb7 21. Qe2 a5 22. Rfd1 Kg7 23. Ba3 Qc6 24. Bxc5 Bxc5 25. R4d3 a4 26. e4 axb3 27. axb3 b5 28. Nd2 Rgd8 29. Nf3 Rxd3 30. Qxd3 Ra2 31. Qd8 Ra8 32. Qf6+ Kg8 33. Ng5 Qd7 34. Qf3 Bd4 35. g4 hxg4 36. Qxg4 Ra1 37. Kg2 Rxd1 38. Qxd1 c5 39. Qd3 c4 40. bxc4 bxc4 41. Qxc4 Bxf2 42. Qc1 Bb6 43. Qf4 Bd8 44. h4 Bxg5 45. hxg5 Qd1 46. Kf2 Kf8 47. Kg2 Qe2+ 48. Kg3 Ke8 49. Kh3 Qd1 50. Kg2 Qc2+ 51. Kg3 Qc7 52. Kh3 Qa7 53. Kg2 Qd7 54. Kh2 Kd8 55. Qe3 Qc7 56. Qf4 Kc8 57. Kh3 Kb7 58. Kh4 Qd7 59. Qf3 Qc7 60. Qb3+ Kc8 61. Qa4 Kd8 62. Qa3 Ke8 63. Qa4+ Kf8 64. Qa3+ Kg7 65. Qg3 Qc1 66. Qf3 Kf8 67. Kg4 Qg1+ 68. Kf4 Qh2+ 69. Qg3 Qe2 70. Qa3+ Kg8 71. Qf3 Qe1 72. Qg3 Qd2+ 73. Qe3 Qb2 74. Qd3 Kg7 75. Qe3 Qb5 76. Qc3 Qb8 77. Qa3 Qh8 78. Qg3 Qa8 79. Qc3 Qa7 80. Qe3 Qa6 81. Qb3 Qa5 82. Qd3 Qb4 83. Qc2 Qe1 84. Qg2 Qc1+ 85. Kg4 Kf8 86. Qf3 Ke8 87. Qf4 Qc3 88. Kh4 Qd3 89. Kg4 Qd4 90. Kh3 Qg1 91. Qd2 Qh1+ 92. Kg3 Qxe4 93. Qd6 Qe3+ 94. Kg4 Qg1+ 95. Kf4 Qf2+ 96. Kg4 Qf5+ 97. Kh4 Qf4+ 98. Kh3 Qxg5 0-1

[Event "Serpukhov (Russia)"]
[Site "?"]
[Date "2004.11.??"]
[Round "?"]
[White "Simantsev Mikhail"]
[Black "Kulaga Yurij"]
[Result "1-0"]
[WhiteElo "2402"]
[BlackElo "2366"]
[PlyCount "87"]
[EventDate "2004.??.??"]
[Source "www.chesslib.no"]
[SourceDate "2004.05.04"]

1. d4 d5 2. Nf3 Nf6 3. e3 e6 4. Bd3 c6 5. O-O Nbd7 6. b3 Bd6 7. Bb2 O-O 8. c4 Re8 9. Nbd2 e5 10. dxe5 Nxe5 11. Nxe5 Bxe5 12. Bxe5 Rxe5 13. Qc2 Bg4 14. Qc3 Qc7 15. c5 Rae8 16. b4 Bf5 17. Be2 Bg4 18. Rfe1 Bxe2 19. Rxe2 Ne4 20. Qb2 Nxd2 21. Rxd2 Re4 22. Rad1 Qe5 23. Rd4 f5 24. g3 Qf6 25. b5 Rxd4 26. Rxd4 Re4 27. bxc6 Rxd4 28. exd4 Qxc6 29. Qe2 b6 30. Qe5 bxc5 31. Qb8+ Kf7 32. Qxa7+ Ke6 33. Qxg7 c4 34. Qh6+ Kd7 35. Qxc6+ Kxc6 36. Kf1 Kb5 37. Ke2 Kb4 38. Kd2 Ka3 39. Kc3 Kxa2 40. f3 Ka3 41. g4 f4 42. g5 Ka4 43. h4 Kb5 44. h5 1-0

[Event "Oberliga Ost B9798"]
[Site "Germany"]
[Date "1997.??.??"]
[Round "?"]
[White "Schlamp, Robert"]
[Black "Ginsburg, Gennadij"]
[Result "0-1"]
[WhiteElo "2280"]
[BlackElo "2485"]
[PlyCount "140"]
[EventDate "1997.09.??"]
[Source "www.chesslib.no"]
[SourceDate "2004.05.04"]

1. d4 d5 2. Nf3 Nf6 3. e3 e6 4. Bd3 c5 5. c3 Nbd7 6. O-O Qc7 7. Nbd2 Be7 8. Re1 O-O 9. e4 dxe4 10. Nxe4 b6 11. Bg5 Bb7 12. Qe2 Rfe8 13. Rad1 Rad8 14. Bb1 h6 15. Bc1 Nxe4 16. Bxe4 Bxe4 17. Qxe4 Nf6 18. Qe2 cxd4 19. cxd4 Rd5 20. Be3 Bd6 21. Rc1 Qd7 22. Qc4 Rd8 23. Qc6 Qxc6 24. Rxc6 Rb5 25. Rc2 Nd5 26. a3 Kf8 27. g3 Ke7 28. Kg2 Kd7 29. Nd2 Rc8 30. Rxc8 Kxc8 31. Nc4 Kd7 32. b4 Nxe3+ 33. fxe3 a5 34. e4 Bc7 35. Rb1 f5 36. Kf3 axb4 37. axb4 g5 38. Ke3 Bd6 39. Nxd6 Kxd6 40. Kd3 fxe4+ 41. Kxe4 Rf5 42. Rc1 Rf2 43. b5 Re2+ 44. Kf3 Rxh2 45. Rc6+ Kd5 46. Rxb6 h5 47. Rb8 Kxd4 48. b6 g4+ 49. Kf4 Rf2+ 50. Kg5 Rf5+ 51. Kh4 Rb5 52. b7 Ke3 53. Re8 Rxb7 54. Rxe6+ Kf2 55. Re5 Rb3 56. Ra5 Kg2 57. Ra2+ Kf3 58. Ra5 Rb1 59. Ra3+ Kg2 60. Kxh5 Kh3 61. Kg5 Rf1 62. Rb3 Rf3 63. Rb1 Rxg3 64. Rh1+ Kg2 65. Ra1 Kh2 66. Ra2+ Kh3 67. Ra1 Rb3 68. Rh1+ Kg2 69. Ra1 g3 70. Kf4 Kh2 0-1

[Event "sf ch-NED, Leeuwarden NED (1.3)"]
[Site "?"]
[Date "2001.??.??"]
[Round "?"]
[White "Van der Werf, M."]
[Black "Tondivar, B."]
[Result "1-0"]
[WhiteElo "2435"]
[BlackElo "2325"]
[PlyCount "67"]
[EventDate "2001.??.??"]
[Source "www.chesslib.no"]
[SourceDate "2004.05.04"]

1. d4 d5 2. Nf3 Nf6 3. e3 e6 4. Bd3 c5 5. b3 Be7 6. Bb2 O-O 7. Nbd2 b6 8. O-O Bb7 9. Ne5 Nbd7 10. Qf3 Rc8 11. Qh3 Ne4 12. f3 Ng5 13. Qg3 f5 14. h4 Nxe5 15. dxe5 Nf7 16. h5 Bg5 17. f4 Bh4 18. Qh3 Nh6 19. Nf3 Be7 20. Rad1 Ng4 21. Nh2 Nxh2 22. Kxh2 Qe8 23. g4 Rd8 24. Rg1 Qf7 25. c4 d4 26. gxf5 exf5 27. Rg3 Qe6 28. exd4 cxd4 29. Rdg1 Rf7 30. Rg6 hxg6 31. hxg6 Rf6 32. exf6 Bxf6 33. Ba3 Be7 34. Bxe7 1-0

[Event "CUB Ch"]
[Site "Cuba"]
[Date "1988.??.??"]
[Round "?"]
[White "Keipo, Guillermo"]
[Black "Diaz, Joaquin C"]
[Result "1-0"]
[WhiteElo "2275"]
[BlackElo "2485"]
[PlyCount "83"]
[EventDate "1988.10.??"]
[Source "www.chesslib.no"]
[SourceDate "2004.05.04"]

1. d4 d5 2. Nf3 Nf6 3. e3 e6 4. Bd3 c5 5. b3 Nc6 6. O-O Be7 7. Nbd2 O-O 8. Bb2 Qc7 9. c4 dxc4 10. Nxc4 b6 11. Rc1 Bb7 12. Qe2 Rad8 13. dxc5 bxc5 14. Nfe5 Nd7 15. Nxc6 Bxc6 16. e4 Bb5 17. Ne5 Bxd3 18. Nxd3 e5 19. Rfd1 Rfe8 20. Rc2 Bf8 21. Rdc1 Qa5 22. Bc3 Qa6 23. Qe3 c4 24. bxc4 Ba3 25. Bb2 Nb6 26. h3 Bxb2 27. Nxb2 Qxa2 28. c5 Nc8 29. Nc4 Qa6 30. Qg3 Qc6 31. Qg4 Rd4 32. f3 Qxc5 33. Ne3 Rc4 34. Rxc4 Qxe3+ 35. Kh2 Nb6 36. Rc7 g6 37. R1c3 Qd4 38. Qg5 Kg7 39. R3c6 Nd7 40. Ra6 h6 41. Qc1 Rf8 42. Qc6 1-0

[Event "Premier"]
[Site "?"]
[Date "1997.??.??"]
[Round "?"]
[White "Paneque Pedro"]
[Black "Perez Rodney"]
[Result "1/2-1/2"]
[WhiteElo "2375"]
[BlackElo "2385"]
[PlyCount "28"]
[EventDate "1997.??.??"]
[Source "www.chesslib.no"]
[SourceDate "2004.05.04"]

1. d4 d5 2. Nf3 Nf6 3. e3 e6 4. Bd3 c5 5. Kf1 Be7 6. dxc5 O-O 7. Bd2 b6 8. Qc1 Ba6 9. e4 bxc5 10. Na3 Nfd7 11. Bh6 Qb6 12. Qf4 Bc8 13. b3 gxh6 14. Rc1 c4 1/2-1/2

[Event "Capablanca Premier-B 32nd"]
[Site "Cienfuegos"]
[Date "1997.??.??"]
[Round "8"]
[White "Paneque, Pedro"]
[Black "Perez, Rodney"]
[Result "1/2-1/2"]
[WhiteElo "2375"]
[BlackElo "2385"]
[PlyCount "28"]
[EventDate "1997.05.05"]
[Source "ChessBase"]
[SourceDate "1997.07.29"]

1. d4 d5 2. Nf3 Nf6 3. e3 e6 4. Bd3 c5 5. b3 Be7 6. O-O O-O 7. Bb2 b6 8. Qe2 Bb7 9. Rd1 Nbd7 10. Nbd2 Ne4 11. Nf1 Qc7 12. c4 Rad8 13. cxd5 exd5 14. Rac1 Qb8 1/2-1/2

[Event "Corr"]
[Site "?"]
[Date "1999.09.20"]
[Round "?"]
[White "Moreira Jose Americo Paiva"]
[Black "Morihama Nicolau (BRA)"]
[Result "1/2-1/2"]
[WhiteElo "2374"]
[BlackElo "2384"]
[PlyCount "104"]
[EventDate "1999.??.??"]
[Source "www.chesslib.no"]
[SourceDate "2004.05.04"]

1. d4 d5 2. Nf3 Nf6 3. e3 e6 4. Bd3 c5 5. b3 Nc6 6. O-O Bd6 7. Bb2 O-O 8. Nbd2 Qe7 9. dxc5 Bxc5 10. a3 Rd8 11. b4 Bb6 12. c4 a6 13. Qb1 h6 14. b5 axb5 15. cxb5 Nb8 16. a4 Nbd7 17. Nb3 e5 18. a5 Ba7 19. Be2 Bb8 20. Ba3 Qe6 21. Rc1 Ne4 22. Qb2 Ndf6 23. Nfd2 Nxd2 24. Qxd2 Ne4 25. Qd1 Qf6 26. f3 Nd6 27. Bc5 Nc4 28. Qc2 Be6 29. e4 Nd6 30. a6 dxe4 31. a7 Bxa7 32. b6 Bxb6 33. Bxb6 Rxa1 34. Nxa1 Rc8 35. Qd1 Bc4 36. Bf2 Bxe2 37. Rxc8+ Nxc8 38. Qxe2 exf3 39. gxf3 e4 40. Nb3 exf3 41. Qe8+ Kh7 42. Qe4+ Qg6+ 43. Qxg6+ Kxg6 44. Bc5 Kh5 45. Kf2 Kg4 46. Nd4 g5 47. Nxf3 Kh3 48. Kg1 g4 49. Nd4 g3 50. hxg3 Kxg3 51. Nf5+ Kf4 52. Nxh6 f5 1/2-1/2

[Event "Memorial E.Bykova (cat.7)"]
[Site "Vladimir (Russia)"]
[Date "2007.12.23"]
[Round "13"]
[White "Vlasenko Miroslav (RUS)"]
[Black "Kupreichik Viktor D (BLR)"]
[Result "1/2-1/2"]
[WhiteElo "2387"]
[BlackElo "2368"]
[PlyCount "40"]
[EventDate "2007.??.??"]
[Source "www.chesslib.no"]
[SourceDate "2004.05.04"]

1. d4 d5 2. Nf3 Nf6 3. e3 e6 4. Bd3 c5 5. c3 Nc6 6. Nbd2 Bd6 7. O-O e5 8. dxc5 Bxc5 9. e4 O-O 10. Qe2 Bg4 11. exd5 Nxd5 12. Ne4 Be7 13. h3 Bxf3 14. Qxf3 f5 15. Bc4 Kh8 16. Ng3 e4 17. Qd1 Nb6 18. Be6 g6 19. Bh6 Qxd1 20. Raxd1 Rfd8 1/2-1/2

[Event "Corr"]
[Site "?"]
[Date "2001.09.30"]
[Round "?"]
[White "Salter David"]
[Black "Rhodes John D.(ENG)"]
[Result "1/2-1/2"]
[WhiteElo "2362"]
[BlackElo "2370"]
[PlyCount "106"]
[EventDate "2001.??.??"]
[Source "www.chesslib.no"]
[SourceDate "2004.05.04"]

1. d4 d5 2. Nf3 Nf6 3. e3 e6 4. Bd3 c5 5. b3 Nc6 6. O-O Bd6 7. Bb2 O-O 8. Nbd2 Qe7 9. Ne5 cxd4 10. exd4 Ba3 11. Bxa3 Qxa3 12. c3 Bd7 13. f4 Qd6 14. Rf3 Rac8 15. Rh3 h6 16. g4 Nh7 17. g5 g6 18. Nxg6 fxg6 19. Bxg6 Be8 20. Rxh6 Qxf4 21. Bxh7+ Kg7 22. Kh1 Qe3 23. Qe1 Qxe1+ 24. Rxe1 Rf2 25. Nb1 Bf7 26. Bd3 Ne7 27. Rh7+ Kg8 28. Rh3 Kg7 29. a4 Rb2 30. b4 Ng6 31. Rf3 Re8 32. Kg1 e5 33. Rf2 Rxf2 34. Kxf2 e4 35. Be2 Rh8 36. Rh1 Be6 37. h3 Nh4 38. Na3 Rf8+ 39. Ke1 Ng2+ 40. Kd1 Rc8 41. Nb1 Rh8 42. h4 Rxh4 43. Rxh4 Nxh4 44. c4 dxc4 45. d5 Bxd5 46. Nc3 Be6 47. Nxe4 Kg6 48. Kd2 b6 49. Kc3 Bf5 50. Nd6 Bd7 51. a5 Kxg5 52. Nxc4 bxa5 53. bxa5 Nf5 1/2-1/2

[Event "It (Open) Abudhabi UAE"]
[Site "?"]
[Date "2005.??.??"]
[Round "5"]
[White "Simonenko Sergey G.(TKM)"]
[Black "Al Tamimi Hamad"]
[Result "1-0"]
[WhiteElo "2483"]
[BlackElo "2244"]
[PlyCount "81"]
[EventDate "2005.??.??"]
[Source "www.chesslib.no"]
[SourceDate "2004.05.04"]

1. d4 d5 2. Nf3 Nf6 3. e3 e6 4. Bd3 Be7 5. Nbd2 Nbd7 6. O-O O-O 7. Qe2 c5 8. c3 Qc7 9. e4 dxe4 10. Nxe4 b6 11. Neg5 Bb7 12. Ne5 h6 13. Ngf3 Rfe8 14. Re1 Bd6 15. Bd2 Rad8 16. h3 Bxe5 17. Nxe5 Nxe5 18. dxe5 Qc6 19. f3 Qd5 20. Bb5 Qxd2 21. exf6 Qxe2 22. Rxe2 Rf8 23. fxg7 Kxg7 24. f4 Rd6 25. Rf1 f5 26. Rfe1 Kf6 27. Kf2 Rfd8 28. a3 Be4 29. g4 Rd1 30. Bc4 R8d2 31. h4 e5 32. g5+ Kg6 33. h5+ Kg7 34. gxh6+ Kxh6 35. fxe5 Rxe2+ 36. Rxe2 Bd3 37. Bxd3 Rxd3 38. e6 Rd8 39. e7 Re8 40. Kf3 Kxh5 41. Re6 1-0

[Event "Chasseneuil du Poitou"]
[Site "?"]
[Date "2003.??.??"]
[Round "3"]
[White "Saada Julien"]
[Black "Inkiov Ventzislav"]
[Result "0-1"]
[WhiteElo "2245"]
[BlackElo "2478"]
[PlyCount "69"]
[EventDate "2003.??.??"]
[Source "www.chesslib.no"]
[SourceDate "2004.05.04"]

1. d4 d5 2. Nf3 Nf6 3. e3 e6 4. Bd3 c5 5. c3 Nc6 6. Nbd2 Bd6 7. O-O O-O 8. Qe2 e5 9. dxc5 Bxc5 10. e4 Re8 11. exd5 Nxd5 12. Ne4 Be7 13. Rd1 Qc7 14. Nfg5 Bxg5 15. Nxg5 Nf6 16. Ne4 Nxe4 17. Qxe4 f5 18. Bc4+ Kh8 19. Qh4 Be6 20. Be2 Rf8 21. Bg5 f4 22. Bd3 Bf5 23. Bxf5 Rxf5 24. Qg4 Raf8 25. Rd3 e4 26. Rh3 Qf7 27. Qh4 Qg6 28. Be7 R8f7 29. Ba3 Rd7 30. Re1 h6 31. Kf1 e3 32. Rf3 Rd2 33. Qh3 Ne5 34. fxe3 Nxf3 35. gxf3 0-1

[Event "Mind Sports Games - Blitz Ind w"]
[Site "Pechino CINA"]
[Date "2008.10.04"]
[Round "4"]
[White "Hoang Thi Bao Tram"]
[Black "Gaponenko, I."]
[Result "1-0"]
[WhiteElo "2250"]
[BlackElo "2473"]
[PlyCount "49"]
[EventDate "2008.10.04"]
[Source "www.chesslib.no"]
[SourceDate "2004.05.04"]

1. d4 d5 2. Nf3 Nf6 3. e3 e6 4. Bd3 c5 5. c3 Nc6 6. Ne5 Nd7 7. f4 Be7 8. Nd2 f5 9. O-O O-O 10. c4 Ndxe5 11. dxe5 Bd7 12. Kh1 Nb4 13. Qe2 Qb6 14. Nf3 Rad8 15. e4 dxe4 16. Bxe4 fxe4 17. Qxe4 Qc6 18. Qxc6 Nxc6 19. g3 Nb4 20. a3 Nd3 21. b3 b5 22. Kg2 b4 23. axb4 cxb4 24. c5 Rde8 25. Ng5 1-0

[Event "Corr"]
[Site "?"]
[Date "1999.09.20"]
[Round "?"]
[White "Moreira Jose Americo Paiva"]
[Black "Silva Flavio Arnaldo Brag"]
[Result "1/2-1/2"]
[WhiteElo "2374"]
[BlackElo "2347"]
[PlyCount "133"]
[EventDate "1999.??.??"]
[Source "www.chesslib.no"]
[SourceDate "2004.05.04"]

1. d4 d5 2. Nf3 Nf6 3. e3 e6 4. Bd3 c5 5. b3 Nc6 6. O-O Bd6 7. Bb2 O-O 8. dxc5 Bxc5 9. c4 dxc4 10. Bxc4 Qe7 11. Nbd2 Rd8 12. a3 Ne4 13. b4 Bb6 14. Qc2 Nxd2 15. Nxd2 e5 16. Bd3 f5 17. Nc4 e4 18. Be2 Bc7 19. b5 Na5 20. Rac1 Kh8 21. b6 Bxb6 22. Nxb6 axb6 23. Qc7 Re8 24. Bb5 Nc6 25. Qxb6 Bd7 26. Rfd1 Rab8 27. Qc7 Be6 28. Qxe7 Rxe7 29. Bxc6 bxc6 30. Rxc6 Kg8 31. Bd4 Kf7 32. h4 Ra8 33. Rdc1 Rd7 34. Bxg7 Rxa3 35. Bd4 Ra8 36. Rb6 Re8 37. h5 Rd5 38. Kh2 f4 39. Rb7+ Re7 40. Rxe7+ Kxe7 41. Bc5+ Kf6 42. exf4 Rxh5+ 43. Kg3 Rd5 44. Kh4 h5 45. Bb6 Bg4 46. Rc4 Kf5 47. Bc7 Rd1 48. Rc5+ Kg6 49. Rg5+ Kf7 50. Bb6 Rb1 51. Bd4 Rd1 52. Rd5 Be6 53. Rd8 Kg6 54. f5+ Bxf5 55. Rd6+ Kf7 56. Rf6+ Kg7 57. Bc3 Rd3 58. Bb2 Bg6 59. Kg5 Bf7 60. Be5 Kf8 61. Kf4 e3 62. fxe3 Rd2 63. Kf3 Ke7 64. Rh6 Bd5+ 65. e4 Bxe4+ 66. Kxe4 Rxg2 67. Rxh5 1/2-1/2

[Event "Paris op"]
[Site "Paris"]
[Date "1998.??.??"]
[Round "1"]
[White "Martine, Jean Christophe"]
[Black "Savchenko, Stanislav"]
[Result "1/2-1/2"]
[WhiteElo "2165"]
[BlackElo "2555"]
[PlyCount "80"]
[EventDate "1998.07.??"]
[Source "www.chesslib.no"]
[SourceDate "2004.05.04"]

1. d4 d5 2. Nf3 Nf6 3. e3 e6 4. Bd3 c5 5. c3 Nc6 6. Nbd2 Bd6 7. O-O O-O 8. e4 cxd4 9. cxd4 dxe4 10. Nxe4 Be7 11. Be3 Bd7 12. a3 Rc8 13. Rc1 Nd5 14. Nc5 Bxc5 15. Rxc5 b6 16. Rc1 Nxe3 17. fxe3 Qe7 18. e4 Nb8 19. Qd2 Bc6 20. Rc3 Bb7 21. Rfc1 Qd6 22. Rxc8 Rxc8 23. Rxc8+ Bxc8 24. Qc2 Qc6 25. Qxc6 Nxc6 26. d5 Nd8 27. Nd4 Kf8 28. Kf2 Ke7 29. Ke3 e5 30. Nb5 a6 31. Nc3 Kd6 32. b4 g6 33. Na4 Kc7 34. Nb2 b5 35. Be2 Nb7 36. a4 Bd7 37. axb5 axb5 38. g4 h6 39. h4 f6 40. Kf3 g5 1/2-1/2

[Event "Capablanca mem-C"]
[Site "Matanzas City CUB"]
[Date "1995.??.??"]
[Round "13"]
[White "Valdes, Luis E"]
[Black "Rivera, Alberto"]
[Result "0-1"]
[WhiteElo "2340"]
[BlackElo "2370"]
[PlyCount "142"]
[EventDate "1995.05.??"]
[Source "www.chesslib.no"]
[SourceDate "2004.05.04"]

1. d4 d5 2. Nf3 Nf6 3. e3 e6 4. Bd3 b6 5. b3 Bb7 6. O-O Nbd7 7. Bb2 Bd6 8. Ne5 O-O 9. Nd2 Qe7 10. a3 Ne4 11. c4 Bxe5 12. dxe5 Ndc5 13. Bxe4 dxe4 14. Qg4 a5 15. Bd4 Rfd8 16. Rad1 h6 17. b4 axb4 18. axb4 Nd3 19. Nxe4 Nxb4 20. Bc3 Bxe4 21. Qxe4 Qc5 22. Bxb4 Qxb4 23. Qc6 Qc5 24. Qxc5 bxc5 25. g3 Kf8 26. Rxd8+ Rxd8 27. Rb1 Ra8 28. Rb7 Ra4 29. Rxc7 Rxc4 30. Kg2 g5 31. h3 h5 32. Kf3 g4+ 33. hxg4 hxg4+ 34. Kg2 Rc2 35. Kf1 Kg7 36. Kg2 Kg6 37. e4 Rc1 38. f4 gxf3+ 39. Kxf3 c4 40. Kg4 c3 41. Rc5 Kg7 42. Rc8 Kg6 43. Rc6 c2 44. Rc5 Re1 45. Rxc2 Rxe4+ 46. Kf3 Rxe5 47. Rc8 Ra5 48. Rg8+ Kf6 49. Rb8 Ra3+ 50. Kf2 Kf5 51. Rb2 f6 52. Rb4 Rd3 53. Ra4 e5 54. Ra6 Rc3 55. Rb6 Ra3 56. Rc6 e4 57. Rc8 Rf3+ 58. Kg2 Ke5 59. Rc5+ Kd4 60. Ra5 Rc3 61. Rf5 Rc6 62. g4 Ke3 63. g5 fxg5 64. Rxg5 Ke2 65. Kg1 e3 66. Kg2 Rd6 67. Ra5 Rg6+ 68. Kh2 Kf2 69. Rf5+ Ke1 70. Rd5 e2 71. Rd8 Rg5 0-1

[Event "ACT op"]
[Site "Amsterdam"]
[Date "2004.07.23"]
[Round "7"]
[White "Van Beek, Lucien"]
[Black "Moor, Olivier"]
[Result "1/2-1/2"]
[WhiteElo "2321"]
[BlackElo "2389"]
[PlyCount "34"]
[EventDate "2004.07.17"]
[Source "Roberto Alvarez"]
[SourceDate "2004.07.26"]

1. d4 d5 2. Nf3 Nf6 3. e3 e6 4. Bd3 Be7 5. O-O O-O 6. Nbd2 c5 7. c3 Nc6 8. Qe2 Qc7 9. dxc5 Bxc5 10. e4 Bd6 11. Re1 Ng4 12. h3 Nge5 13. Nxe5 Nxe5 14. exd5 exd5 15. Nf3 Nxd3 16. Qxd3 Qc4 17. Rd1 Qxd3 1/2-1/2

[Event "Capablanca mem mixed"]
[Site "Cienfuegos"]
[Date "1997.??.??"]
[Round "12"]
[White "Gomez, Felix"]
[Black "Ross, David"]
[Result "1-0"]
[WhiteElo "2365"]
[BlackElo "2340"]
[PlyCount "91"]
[EventDate "1997.??.??"]
[Source "www.chesslib.no"]
[SourceDate "2004.05.04"]

1. d4 d5 2. Nf3 Nf6 3. e3 e6 4. Bd3 c5 5. b3 cxd4 6. exd4 Bb4+ 7. c3 Be7 8. O-O O-O 9. Nbd2 b6 10. Bb2 Bb7 11. Qe2 Nc6 12. Ne5 Nxe5 13. dxe5 Nd7 14. Rad1 g6 15. c4 Nc5 16. Bc2 a5 17. cxd5 Qxd5 18. Qg4 Qc6 19. Nf3 Ba6 20. Nd4 Qc7 21. Rfe1 Rfe8 22. h4 Bf8 23. h5 Bg7 24. hxg6 hxg6 25. a3 b5 26. Bb1 b4 27. axb4 axb4 28. Rc1 Qb6 29. Re3 Rac8 30. Rce1 Nd7 31. Nf3 Bb7 32. Ng5 Nf8 33. Qf4 Re7 34. Be4 Bd5 35. Rh3 Rcc7 36. Rh4 Rc3 37. Bxc3 bxc3 38. Re3 Qd4 39. Bc2 Qd2 40. Qb4 Rc7 41. Qa5 Rb7 42. Qxc3 Qc1+ 43. Kh2 Rxb3 44. Bxg6 Nxg6 45. Qxc1 Rxe3 46. Qc8+ 1-0

[Event "EU-chT (Women)"]
[Site "Pula"]
[Date "1997.??.??"]
[Round "5"]
[White "Ioseliani, Nana"]
[Black "Mkrtchian, Lilit"]
[Result "1-0"]
[WhiteElo "2510"]
[BlackElo "2190"]
[PlyCount "83"]
[EventDate "1997.05.05"]
[Source "ChessBase"]

1. d4 d5 2. Nf3 Nf6 3. e3 e6 4. Bd3 c5 5. b3 cxd4 6. exd4 Be7 7. O-O O-O 8. Qe2 Nc6 9. a3 Qc7 10. Bb2 b6 11. Nbd2 a5 12. Rfe1 Nb8 13. Ne5 Ba6 14. c4 Nbd7 15. Rac1 Qb7 16. Ndf3 a4 17. Ng5 Rae8 18. bxa4 dxc4 19. Nxc4 Qd5 20. Nf3 Bb7 21. Ne3 Qd6 22. Ne5 Rc8 23. Ba6 Bxa6 24. Qxa6 Ra8 25. Qb5 Rfd8 26. Qb3 Rdc8 27. Qb4 Rd8 28. h3 Bf8 29. Rc2 g6 30. Qb3 Rdc8 31. Rec1 Rxc2 32. Rxc2 Bg7 33. Rc6 Qe7 34. N5c4 Nd5 35. Qb5 Nxe3 36. Nxe3 Ra5 37. Rc8+ Bf8 38. Qc6 Nf6 39. Bc3 Qd7 40. Qxd7 Nxd7 41. Bxa5 bxa5 42. Nc4 1-0

[Event "Copenhagen Open"]
[Site "Copenhagen DEN"]
[Date "1986.??.??"]
[Round "6"]
[White "Hoi, Carsten"]
[Black "Sorensen, Bent"]
[Result "1-0"]
[WhiteElo "2405"]
[BlackElo "2295"]
[PlyCount "83"]
[EventDate "1986.06.??"]
[Source "www.chesslib.no"]
[SourceDate "2004.05.04"]

1. d4 d5 2. Nf3 Nf6 3. e3 e6 4. Bd3 c5 5. c3 Nbd7 6. O-O Be7 7. Nbd2 O-O 8. Qe2 b6 9. e4 dxe4 10. Nxe4 cxd4 11. Rd1 Bb7 12. Nxd4 Qc7 13. Nb5 Qc6 14. f3 Nd5 15. c4 Nb4 16. Bb1 Rfd8 17. a3 Na6 18. Be3 Ndc5 19. Bc2 Rxd1+ 20. Rxd1 Nxe4 21. Bxe4 Qc8 22. Bb1 Bc6 23. b4 Nc7 24. Nd6 Qf8 25. Bf4 Rd8 26. Ne4 Rxd1+ 27. Qxd1 Qd8 28. Qxd8+ Bxd8 29. Nd6 Ne8 30. b5 Bd7 31. Nxe8 Bxe8 32. Bb8 Be7 33. Bxa7 Bxa3 34. Bxb6 Kf8 35. Bd3 Ke7 36. Bd4 f6 37. c5 e5 38. Be3 Bf7 39. b6 Kd7 40. Bf5+ Kc6 41. Be4+ Kd7 42. c6+ 1-0